Paroles : je t'aime de ouf Wejdene - Statistiques

Statistiques générales
  • Ce quiz a été pris 501 fois
  • Le résultat moyen est 202 sur 284
Statistiques - réponses
Réponse % Correct
Je
100%
je
100%
je
100%
t'ai
100%
de
99%
le
99%
me
99%
ouf
99%
t'aime
99%
t'aime
99%
la
98%
te
98%
dans
97%
même
97%
meme
97%
peau
97%
que
97%
t'es
97%
tes
97%
beau
96%
matin
96%
mon
94%
j'crois
94%
mon
94%
mon
94%
toi
94%
reve
93%
chateau
92%
j'ai
91%
j'ai
91%
prince
91%
à
87%
et
86%
en
81%
en
81%
quand
81%
tu
78%
tu
78%
guerre
77%
pars
77%
c'est
76%
C'est
76%
c'est
76%
au
75%
au
75%
les
75%
coeur
71%
direct
71%
front
71%
l'amour
71%
complique
70%
compliqué
70%
sont
70%
sentiments
68%
profonds
66%
y'a
66%
mets
64%
pour
63%
place
54%
autre
53%
aucun
51%
d'la
51%
bras
49%
j'tai
48%
nos
48%
sur
47%
blottir
44%
cotes
44%
jaloux
44%
tout
44%
Alaska
43%
demenage
43%
j'irai
43%
pas
43%
pas
43%
du
42%
du
42%
jusque
42%
avoir
41%
choix
41%
froid
41%
juste
41%
prete
41%
est
40%
j'suis
40%
sérieux
38%
serieux
38%
qui
37%
si
37%
normal
36%
dis
35%
merci
32%
merci
32%
j'te
30%
partout
28%
peut
27%
suivrai
27%
detresse
25%
cortège
22%
mais
22%
notre
22%
quoi
22%
soigner
22%
parents
21%
qu'il
21%
SOS
21%
arrive
20%
mariage
20%
peux
20%
qu'tu
20%
yeux
20%
protège
19%
viennes
19%
hate
18%
j'crie
17%
fermer
16%
l'calmer
15%
Aucun quiz correspondant
Distribution des résultats
% des personnes avec chaque résultat
Percentile par nombre de réponses
Votre historique - résultats
Vous n’avez pas pris ce quiz